| 000 | 00984nam a22002651u 4500 | ||
|---|---|---|---|
| 001 | 12257 | ||
| 003 | HDC | ||
| 007 | cr bn --- | ||
| 008 | 210209p2003 my eng | ||
| 040 | _aHDC | ||
| 100 |
_aBaki Hj Bakar, _eauthor _912749 |
||
| 245 | 4 |
_aThe population biology of wrinklegrass (Ischaemum rugosum Salisb.) - Seed and seedling dynamics / _cby Baki Hj Bakar and Lajili Nabi Ahmed Nabi |
|
| 260 |
_aSerdang : _bMalaysian Agricultural Research and Development Institute (MARDI), _c2003 |
||
| 300 | _a1 page | ||
| 336 |
_atext _2rdacontent |
||
| 337 |
_acomputer _2rdamedia |
||
| 338 |
_aonline resource _2rdacarrier |
||
| 650 |
_aGrowth patterns _912750 |
||
| 650 |
_aGrowth patterns _912750 |
||
| 650 |
_aSurvivorship _912751 |
||
| 856 | _zRequest full-text at [email protected] | ||
| 942 | _2lcc | ||
| 942 | _cAR | ||
| 942 | _kJART 003054 | ||
| 999 |
_c9580 _d9580 |
||